| 000 | 00614nam a2200169 i 4500 | ||
|---|---|---|---|
| 001 | 52034 | ||
| 003 | ES-MaACL | ||
| 005 | 20230906162508.0 | ||
| 007 | t| | ||
| 008 | 030825s1949 sp ||||1| spa d | ||
| 100 | 1 |
_aChatfield, H. W. _938189 |
|
| 245 | 1 | 4 |
_aLos barnices y su constituyentes _b: estudio y empleo de todas las primeras materias / _cH.W. Chatfield ; [versión de la 2ª edición inglesa por W. Kraemer Morata]. |
| 260 |
_aBarcelona : _bReverté, _c1949 ( _fS.A.D.A.G.) |
||
| 300 |
_aXX, 506 p., 4 lám. : _bil. ; _c26 cm. |
||
| 700 | 1 |
_aKraemer Morata, W. _968700 |
|
| 852 |
_aES-MaACL _jA-88 _bR.28758 |
||
| 999 |
_c52034 _d52034 |
||